<?xml version="1.0" encoding="UTF-8"?>
<collection xmlns="http://www.loc.gov/MARC21/slim">
    <record>
        <controlfield tag="001">85435</controlfield>
        <controlfield tag="005">20191118120726.0</controlfield>
        <datafield tag="024" ind1="8" ind2=" ">
            <subfield code="2">sideral</subfield>
            <subfield code="a">113576</subfield>
        </datafield>
        <datafield tag="037" ind1=" " ind2=" ">
            <subfield code="a">ART-2017-113576</subfield>
        </datafield>
        <datafield tag="041" ind1=" " ind2=" ">
            <subfield code="a">spa</subfield>
        </datafield>
        <datafield tag="100" ind1=" " ind2=" ">
            <subfield code="0">(orcid)0000-0003-4530-9645</subfield>
            <subfield code="a">Iñiguez, T.</subfield>
            <subfield code="u">Universidad de Zaragoza</subfield>
        </datafield>
        <datafield tag="245" ind1=" " ind2=" ">
            <subfield code="a">Más allá de las TIC. Aprendizaje permanente para una sociedad de la información inclusiva</subfield>
        </datafield>
        <datafield tag="260" ind1=" " ind2=" ">
            <subfield code="c">2017</subfield>
        </datafield>
        <datafield tag="506" ind1="0" ind2=" ">
            <subfield code="a">Access copy available to the general public</subfield>
            <subfield code="f">Unrestricted</subfield>
        </datafield>
        <datafield tag="520" ind1="3" ind2=" ">
            <subfield code="a">En la actual Sociedad de la Información (SI), donde un cambio cultural, como es el uso masivo de las TIC, ha provocado un cambio social, es necesario repensar la inclusión de la población adulta, especialmente la de mayor edad, en un entorno cada vez más informatizado, que, a priori, puede parecer exclusor. Contrariamente a la idea general, la población adulta de todas las edades se está incorporando de manera activa a esta SI a través de la adquisición progresiva de competencias digitales, hecho al cual contribuyen de manera significativa las actividades de Aprendizaje Permanente (AP). En el presente artículo se analiza, en primer lugar, a través de los microdatos de la muestra europea proporcionados por la encuesta PIAAC (OCDE, 2013), la correlación existente entre el desarrollo de las diversas competencias instrumentales con las habilidades digitales. Seguidamente, mediante una regresión lineal múltiple, se muestra que, más allá de las características sociopersonales de la población adulta, es el factor educativo el que supone un mayor desarrollo de las competencias instrumentales en general y las digitales en particular. De esta forma, se defiende el AP como estrategia fundamental para lograr de manera definitiva la ruptura de la brecha digital entre jóvenes y adultos, así como elemento esencial para que la  emocratización de la SI sea una realidad.</subfield>
        </datafield>
        <datafield tag="540" ind1=" " ind2=" ">
            <subfield code="9">info:eu-repo/semantics/openAccess</subfield>
            <subfield code="a">by</subfield>
            <subfield code="u">http://creativecommons.org/licenses/by/3.0/es/</subfield>
        </datafield>
        <datafield tag="655" ind1=" " ind2="4">
            <subfield code="a">info:eu-repo/semantics/article</subfield>
            <subfield code="v">info:eu-repo/semantics/publishedVersion</subfield>
        </datafield>
        <datafield tag="700" ind1=" " ind2=" ">
            <subfield code="0">(orcid)0000-0003-3273-5311</subfield>
            <subfield code="a">Marcaletti, F.</subfield>
        </datafield>
        <datafield tag="710" ind1="2" ind2=" ">
            <subfield code="1">4009</subfield>
            <subfield code="2">775</subfield>
            <subfield code="a">Universidad de Zaragoza</subfield>
            <subfield code="b">Dpto. Psicología y Sociología</subfield>
            <subfield code="c">Área Sociología</subfield>
        </datafield>
        <datafield tag="773" ind1=" " ind2=" ">
            <subfield code="g">5 (2017), 39-53</subfield>
            <subfield code="p">Entera2.0</subfield>
            <subfield code="t">Entera2.0</subfield>
            <subfield code="x">2339-6903</subfield>
        </datafield>
        <datafield tag="856" ind1="4" ind2="1">
            <subfield code="u">https://ciberespiral.org/es/prensa-y-multimedia/revista-digital-entera2-0</subfield>
            <subfield code="z">Texto completo de la revista</subfield>
        </datafield>
        <datafield tag="856" ind1="4" ind2=" ">
            <subfield code="s">440224</subfield>
            <subfield code="u">http://zaguan.unizar.es/record/85435/files/texto_completo.pdf</subfield>
            <subfield code="y">Versión publicada</subfield>
        </datafield>
        <datafield tag="856" ind1="4" ind2=" ">
            <subfield code="s">53555</subfield>
            <subfield code="u">http://zaguan.unizar.es/record/85435/files/texto_completo.jpg?subformat=icon</subfield>
            <subfield code="x">icon</subfield>
            <subfield code="y">Versión publicada</subfield>
        </datafield>
        <datafield tag="909" ind1="C" ind2="O">
            <subfield code="o">oai:zaguan.unizar.es:85435</subfield>
            <subfield code="p">articulos</subfield>
            <subfield code="p">driver</subfield>
        </datafield>
        <datafield tag="951" ind1=" " ind2=" ">
            <subfield code="a">2019-11-18-09:51:33</subfield>
        </datafield>
        <datafield tag="980" ind1=" " ind2=" ">
            <subfield code="a">ARTICLE</subfield>
        </datafield>
    </record>

    
</collection>